banner koha

Subsidios para elaboracao de um plano diretor de producao e abastecimento de produtos hortigranjeiros do Estado de Mato Grosso - 1991/1999 e propostas de producao programada - 1991/1992 (Registro n. 286238)

MARC details
000 -LÍDER
campo de controle de tamanho fixo 01096nac a22002897a 4500
001 - NÚMERO DE CONTROLE
campo de controle BR9406336
003 - IDENTIFICADOR DO NÚMERO DE CONTROLE
campo de controle BR-BrBNA
005 - DATA E HORÁRIO DA ÚLTIMA TRANSAÇÃO
campo de controle 20240105121609.0
008 - CAMPO DE DADOS FIXOS--INFORMAÇÃO GERAL
campo de controle de tamanho fixo 230509b bl.|||m| |||| 00| 0 por d
040 ## - FONTE DA CATALOGAÇÃO
Instituição da catalogação original BR-BrBNA
Idioma da catalogação por
Instituição que transcreveu o registro Biblioteca Nacional de Agricultura
072 ## - CÓDIGO DE CATEGORIA DE ASSUNTO
Código de Categoria de Assunto F01; E14; E70
090 ## - NÚMERO DE CHAMADA LOCAL
Número de chamada 1300 BR9406336
100 1# - ENTRADA PRINCIPAL--NOME PESSOAL
Nome pessoal Nolasco, F.
100 1# - ENTRADA PRINCIPAL--NOME PESSOAL
Nome pessoal Queiroz, E.A.
110 1# - ENTRADA PRINCIPAL--NOME CORPORATIVO
Nome corporativo ou nome da jurisdição Empresa de Assistencia Tecnica e Extensao Rural de Mato Grosso, Cuiaba (Brasil)
9 (RLIN) 3989
245 1# - TÍTULO
Título Subsidios para elaboracao de um plano diretor de producao e abastecimento de produtos hortigranjeiros do Estado de Mato Grosso - 1991/1999 e propostas de producao programada - 1991/1992
260 3# - PUBLICAÇÃO, DISTRIBUIÇÃO, ETC.
Local de publicação, distribuição, etc. Cuiaba, MT (Brasil):
Data da publicação, distribuição, etc. 1991.
300 ## - DESCRIÇÃO FÍSICA
Extensão 107 p.
490 ## - TÍTULO DA SÉRIE
Título da série Serie Informacoes Tecnicas - Empresa de Assistencia Tecnica e Extensao Rural de Mato Grosso (Brazil)
Número do volume ou designação sequencial da série no. 9
ISSN - International Standard Serial Number
500 ## - NOTA GERAL
Nota geral 5 ref.
650 ## - ASSUNTO--TERMO TÓPICO
Cabeçalho tópico ou nome geográfico Hortalica
650 ## - ASSUNTO--TERMO TÓPICO
Cabeçalho tópico ou nome geográfico Programa de Desenvolvimento
650 ## - ASSUNTO--TERMO TÓPICO
Cabeçalho tópico ou nome geográfico Abastecimento
650 ## - ASSUNTO--TERMO TÓPICO
Cabeçalho tópico ou nome geográfico Mato Grosso
909 ## -
-- 202312
-- Lúcia Elande
-- 55
-- Lúcia Elande
942 ## - ELEMENTOS DE ENTRADA ADICIONADOS (KOHA)
Fonte da classificação ou esquema de arquivamento na estante Classificação AGRIS
Ocultar no OPAC Não
Tipo de material Koha Monografia Seriada
Exemplares
Situação do descarte Fonte da classificação ou esquema de arquivamento na estante Situação física Não pode ser emprestado Coleção Biblioteca de origem Biblioteca atual Localização na estante Total de empréstimos Número de telefone completo Código de barras Data de último acesso Tipo de material Koha Fonte de aquisição
  Classificação AGRIS       Biblioteca Nacional de Agricultura - Binagri Biblioteca Nacional de Agricultura - Binagri Agrobase - Acervo Geral   1300 BR9406336 1300 BR9406336 18/12/2023 Monografia Seriada Portaria Interministerial nº 164/94

BINAGRI

Telefone: (61)3218-2567/2388/3357/2097 - binagri@agro.gov.br

Ministério da Agricultura e Pecuária , Esplanada dos Ministérios, Bloco D, Anexo B, Brasília/DF, CEP: 70.043-900